<?xml version="1.0" encoding="UTF-8"?><marc:collection xmlns:marc="http://www.loc.gov/MARC21/slim">
  <marc:record>
    <marc:leader>00000nam  2200000zi 4500</marc:leader>
    <marc:controlfield tag="001">9.932283</marc:controlfield>
    <marc:controlfield tag="003">CaOODSP</marc:controlfield>
    <marc:controlfield tag="005">20250505150822</marc:controlfield>
    <marc:controlfield tag="006">m     o  d f      </marc:controlfield>
    <marc:controlfield tag="007">cr mn|||||||||</marc:controlfield>
    <marc:controlfield tag="008">240110e201412  onca    ob   f000 0 eng d</marc:controlfield>
    <marc:datafield tag="040" ind1=" " ind2=" ">
      <marc:subfield code="a">CaOODSP</marc:subfield>
      <marc:subfield code="b">eng</marc:subfield>
      <marc:subfield code="e">rda</marc:subfield>
      <marc:subfield code="c">CaOODSP</marc:subfield>
    </marc:datafield>
    <marc:datafield tag="043" ind1=" " ind2=" ">
      <marc:subfield code="a">n-cn---</marc:subfield>
    </marc:datafield>
    <marc:datafield tag="045" ind1=" " ind2=" ">
      <marc:subfield code="a">y1y1</marc:subfield>
    </marc:datafield>
    <marc:datafield tag="086" ind1="1" ind2=" ">
      <marc:subfield code="a">H14-513/2014E-PDF</marc:subfield>
    </marc:datafield>
    <marc:datafield tag="245" ind1="0" ind2="0">
      <marc:subfield code="a">Evaluation of the Health Information Initiative 2012-2013 to 2014-2015 / </marc:subfield>
      <marc:subfield code="c">prepared by Office of Evaluation, Health Canada and the Public Health Agency of Canada.</marc:subfield>
    </marc:datafield>
    <marc:datafield tag="264" ind1=" " ind2="1">
      <marc:subfield code="a">[Ottawa] : </marc:subfield>
      <marc:subfield code="b">Health Canada and the Public Health Agency of Canada = Santé Canada et l'Agence de la santé publique du Canada, </marc:subfield>
      <marc:subfield code="c">December 2014.</marc:subfield>
    </marc:datafield>
    <marc:datafield tag="300" ind1=" " ind2=" ">
      <marc:subfield code="a">1 online resource (v, 37 pages) : </marc:subfield>
      <marc:subfield code="b">illustration</marc:subfield>
    </marc:datafield>
    <marc:datafield tag="336" ind1=" " ind2=" ">
      <marc:subfield code="a">text</marc:subfield>
      <marc:subfield code="b">txt</marc:subfield>
      <marc:subfield code="2">rdacontent</marc:subfield>
    </marc:datafield>
    <marc:datafield tag="337" ind1=" " ind2=" ">
      <marc:subfield code="a">computer</marc:subfield>
      <marc:subfield code="b">c</marc:subfield>
      <marc:subfield code="2">rdamedia</marc:subfield>
    </marc:datafield>
    <marc:datafield tag="338" ind1=" " ind2=" ">
      <marc:subfield code="a">online resource</marc:subfield>
      <marc:subfield code="b">cr</marc:subfield>
      <marc:subfield code="2">rdacarrier</marc:subfield>
    </marc:datafield>
    <marc:datafield tag="500" ind1=" " ind2=" ">
      <marc:subfield code="a">Issued also in French under title: Évaluation de l'Initiative d'information sur la santé 2012-2013 à 2014-2015.</marc:subfield>
    </marc:datafield>
    <marc:datafield tag="500" ind1=" " ind2=" ">
      <marc:subfield code="a">"Health Canada and the Public Health Agency of Canada Evaluation Report."</marc:subfield>
    </marc:datafield>
    <marc:datafield tag="504" ind1=" " ind2=" ">
      <marc:subfield code="a">Includes bibliographical references.</marc:subfield>
    </marc:datafield>
    <marc:datafield tag="520" ind1=" " ind2=" ">
      <marc:subfield code="a">"The purpose of the evaluation was to assess the relevance and performance of the Health Information Initiative (HII) for the period 2012-2013 to July 2014. The evaluation follows a supplement to an independent evaluation commissioned by the Canadian Institute for Health Information (CIHI) that was approved by the Deputy Minister, Health Canada in July 2013. The supplemental evaluation focussed primarily on relevance to comply with requirements of the Financial Administration Act. … CIHI was created in 1994 in response to the recommendations of the National Task Force on Health Information (Wilks Report) which were presented to the Conference of Deputy Ministers of Health in 1991. The Task Force suggested that better health information systems were necessary to ultimately improve the health of Canadians. CIHI's mandate is to develop and maintain comprehensive and integrated health information that enables sound policy and effective management of Canada's health system, so that healthcare delivery is improved ..."--Executive summary, page ii.</marc:subfield>
    </marc:datafield>
    <marc:datafield tag="610" ind1="2" ind2="0">
      <marc:subfield code="a">Canadian Institute for Health Information</marc:subfield>
      <marc:subfield code="x">Evaluation.</marc:subfield>
    </marc:datafield>
    <marc:datafield tag="650" ind1=" " ind2="0">
      <marc:subfield code="a">Information storage and retrieval systems</marc:subfield>
      <marc:subfield code="x">Health.</marc:subfield>
    </marc:datafield>
    <marc:datafield tag="650" ind1=" " ind2="0">
      <marc:subfield code="a">Information storage and retrieval systems</marc:subfield>
      <marc:subfield code="x">Medical care.</marc:subfield>
    </marc:datafield>
    <marc:datafield tag="650" ind1=" " ind2="0">
      <marc:subfield code="a">Health status indicators</marc:subfield>
      <marc:subfield code="z">Canada</marc:subfield>
      <marc:subfield code="x">Databases.</marc:subfield>
    </marc:datafield>
    <marc:datafield tag="650" ind1=" " ind2="0">
      <marc:subfield code="a">Medical records</marc:subfield>
      <marc:subfield code="z">Canada</marc:subfield>
      <marc:subfield code="x">Databases.</marc:subfield>
    </marc:datafield>
    <marc:datafield tag="710" ind1="1" ind2=" ">
      <marc:subfield code="a">Canada. </marc:subfield>
      <marc:subfield code="b">Health Canada. </marc:subfield>
      <marc:subfield code="b">Office of Evaluation, </marc:subfield>
      <marc:subfield code="e">issuing body.</marc:subfield>
    </marc:datafield>
    <marc:datafield tag="710" ind1="2" ind2=" ">
      <marc:subfield code="a">Public Health Agency of Canada. </marc:subfield>
      <marc:subfield code="b">Office of Evaluation, </marc:subfield>
      <marc:subfield code="e">issuing body.</marc:subfield>
    </marc:datafield>
    <marc:datafield tag="775" ind1="0" ind2="8">
      <marc:subfield code="t">Évaluation de l'Initiative d'information sur la santé 2012-2013 à 2014-2015 / </marc:subfield>
      <marc:subfield code="w">(CaOODSP)9.933261</marc:subfield>
    </marc:datafield>
    <marc:datafield tag="856" ind1="4" ind2="0">
      <marc:subfield code="q">PDF</marc:subfield>
      <marc:subfield code="s">300 KB</marc:subfield>
      <marc:subfield code="u">https://publications.gc.ca/collections/collection_2024/sc-hc/H14-513-2014-eng.pdf</marc:subfield>
    </marc:datafield>
  </marc:record>
</marc:collection>
